[Event "DSM WK M 2009"]
[Site "Karlsruhe GER"]
[Date "2009.05.17"]
[Round "6"]
[White "Schweiger, Yasmin"]
[Black "Lange, Anika"]
[Result "1-0"]
[Termination "normal"]
[Board "6.2"]
[WhiteElo "804"]
[BlackElo "1221"]
[WhiteTeam "Gymnasium Neureut"]
[BlackTeam "Athenaeum Stade"]
[PlyCount "167"]
[BlackFideId "24693405"]
[EventCountry "GER"]
[EventRounds "7"]
[EventType "team-swiss"]
[EventDate "2009.05.15"]

1. d4 d5 2. c4 e6 3. Nc3 Nf6 4. Nf3 Be7 5. Bf4 O-O 6. e3 Nbd7 7. Be2 b6 8. Qd2
Bb7 9. a3 Rc8 10. O-O c5 11. Rfe1 h6 12. Rad1 Re8 13. Bd3 Ne4 14. Qc2 Ndf6 15.
h3 Nxc3 16. Qxc3 Ne4 17. Qc2 cxd4 18. exd4 b5 19. c5 a6 20. b4 a5 21. Bxb5 Rf8
22. Bd3 axb4 23. axb4 Re8 24. Ne5 Bd6 25. Rc1 Bxe5 26. Bxe5 f6 27. Bg3 Nxg3 28.
fxg3 e5 29. dxe5 fxe5 30. b5 e4 31. Be2 d4 32. Qc4+ Bd5 33. Qxd4 Bf7 34. Qxd8
Rexd8 35. Rc3 Rb8 36. b6 Rd2 37. Bg4 Bd5 38. Ree3 Bc6 39. Bf5 Re8 40. g4 Rd1+
41. Kf2 Rd2+ 42. Kg3 Kf7 43. Kf4 Rf2+ 44. Kg3 Rd2 45. Rc4 Bd5 46. Rb4 g6 47.
Bxe4 Bxe4 48. Rexe4 Rxe4 49. Rxe4 Rb2 50. Rd4 Rb3+ 51. Kf2 Rb2+ 52. Kg1 Rb1+
53. Kh2 Rb2 54. Rd7+ Kg8 55. b7 Kf8 56. Rc7 Ke8 57. Rc8+ Kd7 58. c6+ Kd6 59.
b8=Q+ Rxb8 60. Rxb8 Kxc6 61. Rg8 g5 62. Kg3 Kd5 63. Rg6 Ke5 64. Rxh6 Ke4 65. h4
gxh4+ 66. Kxh4 Kf4 67. g5 Kf5 68. g6 Kf6 69. Rh5 Kxg6 70. g4 Kg7 71. g5 Kg6 72.
Rh6+ Kg7 73. Kh5 Kf7 74. g6+ Kg7 75. Rh7+ Kf8 76. Kh6 Kg8 77. g7 Kf7 78. g8=Q+
Kf6 79. Rf7+ Ke5 80. Qe8+ Kd4 81. Rd7+ Kc3 82. Qc8+ Kb2 83. Rb7+ Ka1 84. Qa8#
1-0

[Event "DSM WK M 2009"]
[Site "Karlsruhe GER"]
[Date "2009.05.17"]
[Round "6"]
[White "Wilkens, Samantha"]
[Black "Rottler, Corinna"]
[Result "1-0"]
[Termination "normal"]
[Board "6.3"]
[WhiteElo "1006"]
[BlackElo "800"]
[WhiteTeam "Athenaeum Stade"]
[BlackTeam "Gymnasium Neureut"]
[PlyCount "87"]
[EventCountry "GER"]
[EventRounds "7"]
[EventType "team-swiss"]
[EventDate "2009.05.15"]

1. d4 d5 2. Nf3 e6 3. Bf4 Bd6 4. Bxd6 cxd6 5. e3 Nf6 6. Bd3 O-O 7. Nbd2 Re8 8.
O-O e5 9. dxe5 dxe5 10. Bb5 Bd7 11. Qe2 e4 12. Nd4 a6 13. Bxd7 Nbxd7 14. Rfe1
Qc7 15. c4 Rac8 16. Rac1 Qa5 17. a3 Nc5 18. b4 Qb6 19. bxc5 Qxc5 20. N2b3 Qxa3
21. cxd5 Nxd5 22. Nd2 Rxc1 23. Rxc1 Qxc1+ 24. Nf1 b5 25. g3 b4 26. Kg2 Rb8 27.
Qxa6 b3 28. Nxb3 Nc7 29. Qd6 Qc3 30. Nc5 Qa5 31. Nd7 Rd8 32. Nd2 h6 33. Nf6+
gxf6 34. Qxd8+ Kh7 35. Nxe4 Qe5 36. Nxf6+ Kg6 37. Ng4 Qe4+ 38. f3 Qc2+ 39. Kh3
Ne6 40. Qg8+ Kh5 41. Qxf7+ Qg6 42. Nf6+ Kg5 43. Ne4+ Kh5 44. g4# 1-0

[Event "DSM WK M 2009"]
[Site "Karlsruhe GER"]
[Date "2009.05.17"]
[Round "6"]
[White "Schweiger, Lauralie"]
[Black "Lienau, Marei"]
[Result "0-1"]
[Termination "normal"]
[Board "6.4"]
[WhiteElo "964"]
[BlackElo "959"]
[WhiteTeam "Gymnasium Neureut"]
[BlackTeam "Athenaeum Stade"]
[PlyCount "98"]
[EventCountry "GER"]
[EventRounds "7"]
[EventType "team-swiss"]
[EventDate "2009.05.15"]

1. d4 Nf6 2. c4 g6 3. Nf3 Bg7 4. Bf4 O-O 5. Nc3 c6 6. e4 d6 7. e5 dxe5 8. Bxe5
b6 9. d5 c5 10. Qa4 Bd7 11. Qa3 e6 12. Bxb8 Qxb8 13. Bd3 exd5 14. cxd5 Qe8+ 15.
Be2 Bf5 16. O-O Be4 17. d6 Qd7 18. Nb5 Ne8 19. Nc7 Nxc7 20. dxc7 Qxc7 21. b4
Bxa1 22. Rxa1 cxb4 23. Qxb4 Bxf3 24. Bxf3 Rac8 25. h3 Qc5 26. Qd2 Rfd8 27. Qe2
Qc3 28. Re1 Qc2 29. Qxc2 Rxc2 30. a4 Rdd2 31. Rf1 a6 32. Be4 Rc4 33. f3 Rxa4
34. Rb1 b5 35. Kf1 b4 36. Ke1 Rxg2 37. Kd1 Rga2 38. Bc2 b3 39. Bxb3 Rd4+ 40.
Kc1 Rf2 41. Bd1 Rc4+ 42. Bc2 Rfxc2+ 43. Kd1 a5 44. Rb3 a4 45. Rb8+ Kg7 46. f4
a3 47. Ra8 a2 48. Rxa2 Rxa2 49. Ke1 Rc1# 0-1

[Event "DSM WK M 2009"]
[Site "Karlsruhe GER"]
[Date "2009.05.17"]
[Round "6"]
[White "Hoffmann, Hanna Dorina"]
[Black "Wendt, Anne"]
[Result "1-0"]
[Termination "normal"]
[Board "7.1"]
[WhiteElo "1398"]
[BlackElo "800"]
[WhiteTeam "Mallinckrodt-Gymnasium Dortmund"]
[BlackTeam "Albert-Einstein-Gymnasium Neubrandenburg"]
[PlyCount "47"]
[WhiteFideId "12909858"]
[EventCountry "GER"]
[EventRounds "7"]
[EventType "team-swiss"]
[EventDate "2009.05.15"]

1. d4 d5 2. c4 Nf6 3. Nf3 Bf5 4. Nc3 e6 5. Bg5 Be7 6. Qb3 Nbd7 7. cxd5 O-O 8.
dxe6 Bxe6 9. Qc2 c6 10. e4 Nb6 11. Bd3 Bg4 12. e5 Nfd5 13. Bxe7 Qxe7 14. Bxh7+
Kh8 15. Nxd5 Nxd5 16. Be4 Qb4+ 17. Qd2 Qb5 18. Qg5 Qb4+ 19. Nd2 f5 20. Bxd5
cxd5 21. h3 Qxd4 22. hxg4+ Kg8 23. Qe3 Qxb2 24. Rb1 1-0

[Event "DSM WK M 2009"]
[Site "Karlsruhe GER"]
[Date "2009.05.17"]
[Round "6"]
[White "Zibell, Christine"]
[Black "Demetrescu, Alice"]
[Result "0-1"]
[Termination "normal"]
[Board "7.2"]
[WhiteElo "794"]
[BlackElo "800"]
[WhiteTeam "Albert-Einstein-Gymnasium Neubrandenburg"]
[BlackTeam "Mallinckrodt-Gymnasium Dortmund"]
[PlyCount "56"]
[EventCountry "GER"]
[EventRounds "7"]
[EventType "team-swiss"]
[EventDate "2009.05.15"]

1. e4 Nf6 2. Nc3 Nc6 3. d4 e5 4. d5 Nd4 5. Bc4 d6 6. Be3 Ng4 7. Bxd4 exd4 8.
Qxd4 Qf6 9. Qd2 Ne5 10. Bb3 Be7 11. O-O-O O-O 12. f3 c6 13. Nge2 c5 14. Rhf1 c4
15. Bxc4 Nxc4 16. Qd3 Ne5 17. Qd4 Nd7 18. g4 Qxd4 19. Rxd4 Bg5+ 20. Kb1 Nc5 21.
h3 b6 22. f4 Bf6 23. Rd2 Ba6 24. g5 Bxc3 25. Rfd1 Bxd2 26. Rxd2 Nxe4 27. Rd4
Rae8 28. h4 Bxe2 0-1

[Event "DSM WK M 2009"]
[Site "Karlsruhe GER"]
[Date "2009.05.17"]
[Round "6"]
[White "Vollmer, Dorothee"]
[Black "Parchmann, Wiebke"]
[Result "1/2-1/2"]
[Termination "normal"]
[Board "7.3"]
[WhiteElo "800"]
[BlackElo "800"]
[WhiteTeam "Mallinckrodt-Gymnasium Dortmund"]
[BlackTeam "Albert-Einstein-Gymnasium Neubrandenburg"]
[PlyCount "37"]
[EventCountry "GER"]
[EventRounds "7"]
[EventType "team-swiss"]
[EventDate "2009.05.15"]

1. e4 e5 2. Nf3 Nc6 3. Nc3 Bc5 4. Bb5 d6 5. Bxc6+ bxc6 6. d3 Nf6 7. O-O O-O 8.
a3 Bg4 9. h3 Bxh3 10. gxh3 Qd7 11. Kg2 d5 12. Bg5 dxe4 13. Nxe4 Rab8 14. Rb1
Be7 15. Nxe5 Qe6 16. b3 c5 17. c4 h6 18. Bh4 Qxe5 19. Bg3 1/2-1/2

[Event "DSM WK M 2009"]
[Site "Karlsruhe GER"]
[Date "2009.05.17"]
[Round "6"]
[White "Liez, Franziska"]
[Black "Schütt, Sinja"]
[Result "1-0"]
[Termination "normal"]
[Board "8.2"]
[WhiteElo "1117"]
[BlackElo "800"]
[WhiteTeam "Marienschule Limburg"]
[BlackTeam "Trave-Gymnasium Lübeck"]
[PlyCount "55"]
[WhiteFideId "1271766"]
[EventCountry "GER"]
[EventRounds "7"]
[EventType "team-swiss"]
[EventDate "2009.05.15"]

1. e4 e5 2. Nf3 Nc6 3. Nc3 Bb4 4. Bb5 d6 5. d3 Bd7 6. a3 Bc5 7. O-O Nd4 8. Bc4
Nxf3+ 9. Qxf3 Qh4 10. Qxf7+ Kd8 11. Qxg7 Qf6 12. Bg5 Kc8 13. Bxf6 Nxf6 14.
Qxh8+ Be8 15. Qxf6 a5 16. Be6+ Kb8 17. Qd8+ Ka7 18. Qxc7 Bb6 19. Qxd6 Rd8 20.
Qxe5 Bd7 21. Bxd7 Rxd7 22. b4 Rd8 23. bxa5 Bxa5 24. Qxa5+ Kb8 25. Qxd8+ Ka7 26.
Rab1 h6 27. Qb6+ Kb8 28. Qxb7# 1-0

[Event "DSM WK M 2009"]
[Site "Karlsruhe GER"]
[Date "2009.05.17"]
[Round "6"]
[White "Teege, Laura"]
[Black "Liez, Tatjana"]
[Result "0-1"]
[Termination "normal"]
[Board "8.3"]
[WhiteElo "800"]
[BlackElo "885"]
[WhiteTeam "Trave-Gymnasium Lübeck"]
[BlackTeam "Marienschule Limburg"]
[PlyCount "62"]
[BlackFideId "1271769"]
[EventCountry "GER"]
[EventRounds "7"]
[EventType "team-swiss"]
[EventDate "2009.05.15"]

1. e4 e5 2. Nf3 Nc6 3. Bc4 Nf6 4. O-O Bc5 5. Nc3 O-O 6. d3 d6 7. Bg5 Be6 8. Bb5
a6 9. Ba4 Bg4 10. h3 Bh5 11. Ne2 Bxf3 12. gxf3 Kh8 13. Kh1 Rg8 14. c3 Qd7 15.
Kh2 h6 16. Bh4 d5 17. Rg1 d4 18. c4 g5 19. Bg3 Qe7 20. a3 h5 21. b4 Ba7 22. Bb3
h4 23. Bxh4 gxh4 24. Rxg8+ Rxg8 25. Qd2 Qf8 26. f4 Qh6 27. c5 Nd8 28. Qc1 Qg7
29. Qh1 Qh6 30. fxe5 c6 31. Nxd4 Qf4# 0-1

[Event "DSM WK M 2009"]
[Site "Karlsruhe GER"]
[Date "2009.05.17"]
[Round "6"]
[White "Heinz, Michelle"]
[Black "Eifert, Pia"]
[Result "1-0"]
[Termination "normal"]
[Board "8.4"]
[WhiteElo "800"]
[BlackElo "800"]
[WhiteTeam "Marienschule Limburg"]
[BlackTeam "Trave-Gymnasium Lübeck"]
[PlyCount "91"]
[WhiteFideId "1271782"]
[EventCountry "GER"]
[EventRounds "7"]
[EventType "team-swiss"]
[EventDate "2009.05.15"]

1. e4 e5 2. Nf3 Nc6 3. Nc3 Bc5 4. Nxe5 Nxe5 5. d4 Nc6 6. dxc5 h6 7. Bf4 Nf6 8.
Bc4 O-O 9. Qf3 Re8 10. Qg3 Nd4 11. O-O-O Rxe4 12. Nxe4 Nxe4 13. Qf3 Nxf3 14.
gxf3 Nxf2 15. Rhf1 d5 16. Be2 Qe8 17. Rxf2 g5 18. Bxc7 Qe3+ 19. Rd2 Qxf2 20.
Bd6 Qg1+ 21. Rd1 Qg2 22. Rd2 Bf5 23. b4 Rd8 24. a4 b6 25. f4 Re8 26. Bb5 a6 27.
Rxg2 axb5 28. axb5 bxc5 29. bxc5 Re1+ 30. Kd2 Ra1 31. b6 Ra2 32. Ke3 Bxc2 33.
b7 Ra3+ 34. Kd2 Be4 35. b8=Q+ Kg7 36. Be5+ f6 37. Qc7+ Kg6 38. Rf2 fxe5 39. f5+
Bxf5 40. Qxe5 Ra2+ 41. Ke1 Rc2 42. Qxf5+ Kh5 43. Qxc2 g4 44. Rf5+ Kh4 45. Qf2+
g3 46. Qxg3# 1-0

[Event "DSM WK M 2009"]
[Site "Karlsruhe GER"]
[Date "2009.05.17"]
[Round "6"]
[White "Reyher, Susan"]
[Black "Morawiak, Vivien"]
[Result "1-0"]
[Termination "normal"]
[Board "9.1"]
[WhiteElo "972"]
[BlackElo "800"]
[WhiteTeam "Grundschule Pestalozzi Leegebruch"]
[BlackTeam "Katholische Schule St. Marien Berlin"]
[PlyCount "67"]
[WhiteFideId "24686107"]
[EventCountry "GER"]
[EventRounds "7"]
[EventType "team-swiss"]
[EventDate "2009.05.15"]

1. e4 e5 2. d4 d6 3. c3 Nf6 4. Bd3 Nc6 5. Nf3 Bg4 6. h3 Bxf3 7. gxf3 exd4 8.
cxd4 Nxd4 9. Be3 Ne6 10. Nc3 Be7 11. Qd2 O-O 12. f4 Nd7 13. f5 Nec5 14. O-O-O
Nxd3+ 15. Qxd3 c5 16. Rhg1 Ne5 17. Qd2 Nf3 18. Qe2 Nxg1 19. Rxg1 Bf6 20. Qg4
Kh8 21. Nd5 Rg8 22. Qh5 g6 23. fxg6 fxg6 24. Qf3 Rf8 25. Bh6 Rf7 26. Kb1 Rb8
27. h4 b5 28. h5 c4 29. hxg6 hxg6 30. Rxg6 Rh7 31. Nxf6 Qe7 32. Nxh7 Qxh7 33.
Qf6+ Qg7 34. Qxg7# 1-0

[Event "DSM WK M 2009"]
[Site "Karlsruhe GER"]
[Date "2009.05.17"]
[Round "6"]
[White "Sauer, Annika"]
[Black "v. Chamier, Angelika"]
[Result "1-0"]
[Termination "normal"]
[Board "9.3"]
[WhiteElo "722"]
[BlackElo "800"]
[WhiteTeam "Grundschule Pestalozzi Leegebruch"]
[BlackTeam "Katholische Schule St. Marien Berlin"]
[PlyCount "103"]
[WhiteFideId "12952052"]
[EventCountry "GER"]
[EventRounds "7"]
[EventType "team-swiss"]
[EventDate "2009.05.15"]

1. e4 e5 2. Nf3 d6 3. Nc3 Nf6 4. Bc4 Bg4 5. d3 Be7 6. Be3 Nc6 7. Qd2 Qd7 8. Nd5
Nxd5 9. exd5 e4 10. dxe4 Ne5 11. Nxe5 dxe5 12. O-O Bh5 13. Bg5 Bg6 14. Bxe7
Qxe7 15. Rfe1 O-O 16. Re3 Qg5 17. Rae1 Rad8 18. Qa5 b6 19. Rg3 Qh5 20. Qxa7 Rc8
21. Rh3 Qg4 22. Rg3 Qd7 23. d6 Qxd6 24. Rg5 h6 25. Rg4 Bh5 26. Rh4 Bd1 27. Be2
Rfd8 28. h3 Bxc2 29. Bg4 Ra8 30. Qb7 Rdb8 31. Qd5 Qb4 32. Bf3 Qxe1+ 33. Kh2
Qxf2 34. Rg4 Bb1 35. Qxe5 Kf8 36. Qxg7+ Ke7 37. Qe5+ Kd7 38. Qf5+ Kd6 39. e5+
Kc5 40. Qxb1 Re8 41. Bxa8 Rxa8 42. Qc1+ Kd5 43. Qxh6 Kxe5 44. Qh5+ Kf6 45. Qg5+
Ke6 46. Re4+ Kd6 47. Qe5+ Kc6 48. Rc4+ Kb7 49. Qd5+ Ka7 50. Ra4+ Kb8 51. Qd8+
Kb7 52. Qxa8# 1-0

[Event "DSM WK M 2009"]
[Site "Karlsruhe GER"]
[Date "2009.05.17"]
[Round "6"]
[White "v. Chamier, Jessica"]
[Black "Allonge, Mandy"]
[Result "0-1"]
[Termination "normal"]
[Board "9.4"]
[WhiteElo "800"]
[BlackElo "800"]
[WhiteTeam "Katholische Schule St. Marien Berlin"]
[BlackTeam "Grundschule Pestalozzi Leegebruch"]
[PlyCount "50"]
[EventCountry "GER"]
[EventRounds "7"]
[EventType "team-swiss"]
[EventDate "2009.05.15"]

1. e4 e5 2. d3 Bc5 3. Nc3 Nc6 4. Nf3 Nf6 5. Be2 d6 6. O-O Be6 7. h4 Qd7 8. a3
h6 9. b4 b6 10. Nd2 g5 11. Nc4 Bd4 12. Bb2 gxh4 13. b5 Ne7 14. Bc1 O-O-O 15.
Bxh6 Rxh6 16. a4 Rg8 17. Bf3 Bxc3 18. Rb1 Rhg6 19. Kh1 Bg4 20. Qe2 h3 21. gxh3
Bxh3 22. Rg1 Ng4 23. Bxg4 Bxg4 24. Rxg4 Rxg4 25. Kh2 Rh8# 0-1